| 000 | 02310nam a2200313Ia 4500 | ||
|---|---|---|---|
| 999 |
_c51667 _d51667 |
||
| 001 | 18658 | ||
| 003 | GE_BSU | ||
| 005 | 20220920165013.0 | ||
| 008 | 181216s2008||||ge |||||||||||||| ||geo|| | ||
| 040 | _cGE_BSU | ||
| 041 | _ageo | ||
| 080 | _a33 შ-21 | ||
| 100 |
_aშანიძე, გოდერძი _910469 |
||
| 245 |
_aმეწარმეობისა და აგრობიზნესის განვითარების პრიორიტეტები თანამედროვე ეტაპზე (გურიის რეგიონის მაგალითზე) : დისერტაცია / _cგოდერძი შანიძე; სამეცნიერო ხელმძღვანელი ჯ. მახარაძე, ლ. ბიგვავა; ბათუმის შოთა რუსთაველის სახელმწიფო უნივერსიტეტი. |
||
| 250 | _aბათუმის შოთა რუსთაველის სახ-ფო უნ-ტი. | ||
| 264 |
_aბათუმი, _b _c2008. |
||
| 300 |
_a149 გვ.; _b30 სმ. |
||
| 504 | _aბიბლიოგრ.: გვ. 143-155 | ||
| 653 | _aდისერტაცია | ||
| 653 | _aეკონომიკა | ||
| 653 | _aმეწარმეობა საქართველოში | ||
| 653 | _aმეჩაიეობა საქართველოში | ||
| 653 | _aმეწარმეობისა და აგრობიზნესის განვითარების პრიორიტეტები თანამედროვე ეტაპზე. (გურიის რეგიონის მაგალითზე) | ||
| 700 |
_aმახარაძე, ჯ. _eსამეცნიერო ხელმძღვანელი _910470 |
||
| 700 |
_aბიგვავა, ლ. _eსამეცნიერო ხელმძღვანელი _910471 |
||
| 710 |
_aბათუმის შოთა რუსთაველის სახელმწიფო უნივერსიტეტი _911887 |
||
| 711 |
_aბათუმის შოთა რუსთაველის სახ-ფო უნ-ტი _910472 |
||
| 942 |
_cBK _2udc |
||